|
|
|
|
| LEADER |
00000nab a2200000 a 4500 |
| 001 |
vtls000063372 |
| 003 |
SK-MaSNL |
| 005 |
20260303124917.0 |
| 008 |
111103c1980 xo 0 slo |
| 015 |
|
|
|a SNBRB19rr/mm-uuuuu
|
| 035 |
|
|
|a CL0073472
|
| 040 |
|
|
|a SNKBUCL
|b slo
|c SNKBUCL
|e AACR2
|
| 041 |
0 |
|
|a slo
|
| 044 |
|
|
|a xo
|c SK
|
| 080 |
|
|
|a 339.1
|2 1981
|
| 080 |
|
|
|a 339.7
|2 1981
|
| 100 |
1 |
|
|a Olzar, B.
|4 aut
|9 1142746
|
| 245 |
1 |
0 |
|a Za efektívnosť aj v licenciách
|c B. Olzar
|
| 650 |
0 |
7 |
|a zahraničný obchod
|2 snkbucl
|9 2200
|
| 650 |
0 |
7 |
|a politika licenčná
|2 snkbucl
|9 947521
|
| 650 |
0 |
7 |
|a licencie
|2 snkbucl
|9 2661
|
| 655 |
|
7 |
|a články z novín a časopisov
|2 snkbucl
|9 267496
|
| 773 |
0 |
|
|t Technické noviny
|g Roč. 28, č. 28 (1980), s. 3
|
| 850 |
|
|
|a Slovenská národná knižnica v Martine
|a MTA001
|
| 852 |
|
|
|a SNK
|b KIS3GCP
|
| 958 |
|
|
|a RK
|
| 992 |
|
|
|a RBX
|
| 999 |
|
|
|c 1932173
|d 1934103
|